| 000 | 00972nam0a22002171i 4500 | ||
|---|---|---|---|
| 001 | rc\387745 | ||
| 005 | 20240723222144.0 | ||
| 035 | _a(NLR Aleph) 005637844 | ||
| 090 |
_a6636633 _c6636633 |
||
| 100 | _a20030616d1989 u |0rusy50 ca | ||
| 101 | 0 | _arus | |
| 102 | _aRU | ||
| 105 | _ay ||||||||| | ||
| 200 | 1 |
_aФункция сердца в послеоперационном периоде у детей раннего возраста с врожденными пороками сердца _e(По данным эхокардиографии) _eАвтореф. дис. на соиск. учен. степ. канд. мед. наук _e(14.00.44) _fАМН СССР. Ин-т сердеч.-сосудистой хирургии им. А.Н. Бакулева |
|
| 210 |
_aМ. _d1989 |
||
| 215 | _a21, [1] с. | ||
| 700 | 1 |
_aКапба _bИ.В. _gИрина Вионоровна |
|
| 801 | 0 |
_aRU _bNLR _gpsbo |
|
| 801 | 1 |
_aRU _bELAR _2rusmarc |
|
| 852 |
_aNLR _jА89/16563 |
||
| 942 | _cBOOK | ||